Moderné trendy v manažmente podnikov – techniky a prístupy diplomová práca

Salvato in:
Dettagli Bibliografici
Autore principale: Szépe, René
Ente Autore: Fakulta podnikového manažmentu EU. Katedra manažmentu
Altri autori: Remeňová, Katarína, 1982-
Natura: Libro
Lingua:slovacco
Pubblicazione: Bratislava 2017
Tags: Aggiungi Tag
Nessun Tag, puoi essere il primo ad aggiungerne!!

MARC

LEADER 00000nbm a2200000 4500
001 0232406
005 20171219103835.9
041 0 |a slo 
044 |a SK 
245 1 0 |a Moderné trendy v manažmente podnikov – techniky a prístupy  |b diplomová práca  |c René Szépe ; školiteľ: Katarína Remeňová 
264 1 |a Bratislava  |c 2017 
300 |a 62 s. 
100 1 |a Szépe, René 
700 1 |a Remeňová, Katarína, 1982- 
710 2 |a Fakulta podnikového manažmentu EU. Katedra manažmentu